000 01436nam a2200445 i 4500
001 5992
003 KOSZ 005
005 20190927093145.0
008 970510s1993 pl a |000 0 pol
015 _aPB 1993/10016
020 _a8320809312
035 _a991001144979705066
035 _a(PL-WaBN)b10339243-48omnis_nlop
035 _ab10339243
035 _a(OCoLC)749790384
035 _a(PL)b0000001033924
035 _a(EXLNZ-48OMNIS_NETWORK)9910114382605606
040 _aWA N
_cWA N
_dKOSZ 005/EG
041 _apol
046 _k1993
080 _a658.1/.5
100 1 _aObłój, Krzysztof
_d(1954- )
_eAutor
245 1 0 _aStrategia sukcesu firmy /
_cKrzysztof Obłój.
260 _aWarszawa :
_bPańst. Wydaw. Ekonomiczne,
_c1993.
300 _a169, [3] s. :
_brys., 3 wykr. ;
_c20 cm.
336 _2rdacontent
_aTekst
_btxt
337 _2rdamedia
_aBez urządzenia pośredniczącego
_bn
338 _2rdacarrier
_aWolumin
_bnc
380 _aKsiążki
388 _a1901-2000
388 _a1989-2000
650 7 _aPlanowanie strategiczne
_2DBN
650 7 _aPrzedsiębiorstwo
_2DBN
650 7 _aZarządzanie
_2DBN
658 _aZarządzanie i marketing
710 2 _aPaństwowe Wydawnictwo Ekonomiczne
_4pbl
856 _uhttp://koha.tu.koszalin.pl/cgi-bin/koha/opac-detail.pl?biblionumber=5992
_yKatalog online BPK
942 _2UKD
_cKS
999 _c5992
_d5992